Implicaciones de la apertura comercial para el Régimen de Servicio Civil /

Esta investigación plantea la asociación desde una perspectiva pragmática, entre la apertura comercial en la economía y su urgente reclamo de mayores y mejores condiciones de competitividad, con la gestión del talento humano en el Estado, específicamente el personal bajo el Régimen de Servicio Civil...

Ful tanımlama

Kaydedildi:
Detaylı Bibliyografya
Yazar: Delgado Paniagua, Alberto
Materyal Türü: Metin
Konular:
Etiketler: Etiketle
Etiket eklenmemiş, İlk siz ekleyin!

MARC

LEADER 00000 a a2200000 04500
001 14167
003
040
100 |a Delgado Paniagua, Alberto  
245 |a Implicaciones de la apertura comercial para el Régimen de Servicio Civil /  |c Alberto Delgado Paniagua 
520 |a Esta investigación plantea la asociación desde una perspectiva pragmática, entre la apertura comercial en la economía y su urgente reclamo de mayores y mejores condiciones de competitividad, con la gestión del talento humano en el Estado, específicamente el personal bajo el Régimen de Servicio Civil (RSC), identificando los principales desafíos.  
590 |a SJB/NOVIEMBRE2012  
650 |a COMERCIALIZACION  
650 |a COMPETITIVIDAD  
650 |a DERECHOS HUMANOS  
650 |a CAPITAL HUMANO  
650 |a RECURSOS HUMANOS  
773 |g número 54 -55; páginas 71-113  
999 |c 40196  |d 40196